[Event "Novokuznetsk SFO-ch U17"]
[Site "Novokuznetsk"]
[Date "2014.11.09"]
[Round "8"]
[White "Mongush, Naadym"]
[Black "Bajyr, Dolaan"]
[Result "0-1"]
[WhiteElo "700"]
[BlackElo "800"]
[PlyCount "62"]
[EventDate "2014.11.02"]
[EventType "swiss"]
[EventRounds "9"]
[EventCountry "RUS"]
[SourceTitle "CBM 163 Extra"]
[Source "ChessBase"]
[SourceDate "2014.12.23"]
[SourceVersion "1"]
[SourceVersionDate "2014.12.23"]
[SourceQuality "1"]

1. d4 Nf6 2. Nc3 g6 3. e4 d6 4. Nf3 Bg7 5. Bd3 0-0 6. Be3 e5 7. dxe5 dxe5 8. Nxe5 Nxe4 9. Bxe4 Bxe5 10. Bd2 Nd7 11. 0-0 Nc5 12. Bd3 Nxd3 13. cxd3 Bf5 14. Ne4 Qxd3 15. Ng3 Bxb2 16. Nxf5 Qxf5 17. Rb1 Be5 18. Rxb7 Rfd8 19. Qe2 Rd4 20. f4 Re4 21. Qf3 Bd4+ 22. Kh1 c5 23. Rc7 Rae8 24. Qb3 Rxf4 25. Rxf4 Qxf4 26. h3 Qxc7 27. a4 Re2 28. Qd3 Qe5 29. a5 Rf2 30. Bh6 Qe1+ 31. Kh2 Be5+ 0-1

[Event "Novokuznetsk SFO-ch U17"]
[Site "Novokuznetsk"]
[Date "2014.11.08"]
[Round "7"]
[White "Filimonov, Fedor"]
[Black "Mongush, Naadym"]
[Result "1/2-1/2"]
[WhiteElo "700"]
[BlackElo "700"]
[PlyCount "54"]
[EventDate "2014.11.02"]
[EventType "swiss"]
[EventRounds "9"]
[EventCountry "RUS"]
[SourceTitle "CBM 163 Extra"]
[Source "ChessBase"]
[SourceDate "2014.12.23"]
[SourceVersion "1"]
[SourceVersionDate "2014.12.23"]
[SourceQuality "1"]

1. d4 e6 2. e4 d5 3. Nc3 Nf6 4. Bg5 Be7 5. e5 Nfd7 6. Bxe7 Qxe7 7. f4 f6 8. Bd3 c5 9. Qh5+ g6 10. Bxg6+ Kd8 11. 0-0-0 cxd4 12. Nb5 Nc6 13. Nd6 fxe5 14. Nf7+ Kc7 15. Nxh8 hxg6 16. Nxg6 Qf7 17. Qg4 exf4 18. Qxf4+ Qxf4+ 19. Nxf4 Kd6 20. Nf3 e5 21. Ne2 Nf6 22. Ng3 Ng4 23. Rhe1 Be6 24. h3 Ne3 25. Rd2 Rg8 26. Nf1 Nxg2 27. Ree2 Nf4 1/2-1/2